|
|
|
|
| LEADER |
00000nab a2200000 ar4500 |
| 001 |
vtls009172054 |
| 003 |
SK-MaSNL |
| 005 |
20260304173608.0 |
| 008 |
080109c20071228xo mr|p|||||||000 b|slo |
| 015 |
|
|
|a SNKBUCL2008/01
|2 snkbucl
|
| 038 |
|
|
|a SNKBUCL
|
| 040 |
|
|
|a SNKBUCL
|b slo
|c SNKBUCL
|e AACR2
|
| 041 |
0 |
|
|a slo
|
| 044 |
|
|
|a xo
|c SK
|
| 080 |
|
|
|a 796.922.093.1
|2 2001
|
| 245 |
0 |
0 |
|a Procházková si trúfa na tridsiadku
|b dnes sa v Novom Meste na Morave začína Tour de Ski v behu na lyžiach
|
| 300 |
|
|
|b Fotogr., tab.
|
| 611 |
2 |
7 |
|a Tour de Ski
|n (2. :
|d 2007 :
|c Nové Mesto na Morave, Česko)
|2 snkbucl
|9 1503737
|
| 648 |
|
7 |
|a lyžovanie
|2 snkbucl
|9 1503738
|
| 650 |
0 |
7 |
|a beh na lyžiach
|2 snkbucl
|9 3259
|
| 773 |
0 |
|
|t Šport
|g Roč. 61, č. 296 (28.12.2007), s. 44
|x 0139-7001
|
| 852 |
|
|
|a SNK
|b KIS3GCP
|
| 999 |
|
|
|c 3004607
|d 3006537
|